Регионална библиотека "Любен Каравелов" - Русе

Русский язык (Запис номер 434256)

MARC детайли
000 -Лидер
Контролно поле с фиксирана дължина nam a22 a 4500
003 - Код на организацията, давaща контролен номер
Контролно поле BLK
005 - Дата и час на последна редакция
Контролно поле 20221208031125.0
008 - Елементи от данни с фиксирана дължина
fixed length control field 200311b bul|||||r ||||||| ||bul||
040 ## - Източник на каталожния запис
Идентификатор на билиотеката - собственик на записа BLK
041 ## - Код за език
Код за езика на текст/звукозапис или на отделно заглавие Руски
Код за езика КДБФ Руски
080 ## - УДК
Текстов определител УДК Руски език - учебни предмети
УДК код - определител по УДК 373.3.016:811.161.1
УДК определител (035.8)
УДК - код + определител 373.3.016:811.161.1
080 ## - УДК
Текстов определител УДК Антологии. Сборници. Христоматии
УДК код - определител по УДК 82-82
УДК - код + определител 82-82
100 ## - Редна дума - Автор
Автор Въргулев, Ангел
Авторска отговорност първи автор
R(LIN) 379239
139 ## - Редно поле
Редна дума Въргулев, Ангел и др.
245 10 - Сведения за заглавието
Заглавие Русский язык
Подзаглавни данни Хрестоматия-учебник для ХI класса средней школы
Редно поле (дума) Ангел Въргулев, Ана Малинов, Ариадна Петренко
250 ## - Област на изданието
Сведения за изданието 5. стер. изд
257 ## - Страна на издаване
Страна на създаване/издаване България
260 ## - Област на издателските данни
Място на издаване, разпространение и проч. София
Име на издателя, разпространителя и проч. Нар. просв.
Година на издаване 1959
300 ## - Физическа характеристика
Страници 175 с.
Илюстрации и др. с ил.
Размери/Мащаб 22 см
380 ## - Жанр
Жанр Езикознание. Филология
500 ## - Общи забележки
Забележка 1. изд. 1955
650 #0 - Допълнително описание по предмет – тема
Основно описание – тема или топоним Руски език
9 (RLIN) 262992
653 #7 - Ключова дума – ненормативна
Ключова дума учебници за средни училища
9 (RLIN) 199112
700 ## - Други автори (авторска отговорност)
Лично име Малинова, Ана
Автороска отговорност (Описва отношението между автора и произведението) съавт.
9 (RLIN) 1445
700 ## - Други автори (авторска отговорност)
Лично име Петренко, Ариадна
Автороска отговорност (Описва отношението между автора и произведението) съавт.
9 (RLIN) 1445
852 ## - Местоположение
Форматна сигнатура Цб 7624
Фондова буква Основен фонд - ползва се само за читалня
852 ## - Местоположение
Форматна сигнатура Цб 13224
Фондова буква Основен фонд - ползва се само за читалня
856 4# - Електронен адрес и достъп
Електронен формат pdf - файл
Път до файла /url/
856 4# - Електронен адрес и достъп
Електронен формат pdf - файл
Път до файла /url/
999 ## - СИСТЕМНИ КОНТРОЛНИ НОМЕРА
Koha biblionumber 434256
Koha biblioitemnumber 434256
942 ## - АРТИКУЛИ
Вид на библиотечния материал Книги
Скрит в OPAC Не
Периодичен библиозапис Да
944 ## - СЪЗДАВАНЕ И РЕДАКЦИЯ на ЗАПИСА
Създаване/Редакция Създаване
Дата на регистрацията/редакция 2021-10-20
Служител, извършил регистрацията/редакцията К.Д.
Наличности
Код за отписване Код за изгубен артикул Източник на класификационната схема Код за повреда Коз за рестрикции Код за отдаване Артикулен № Име на библиотеката - собственик Име на библиотеката, в която се намира в момента Статус (Текущо местоположение) Дата на вписване в системата Местоположение - отдел Цена в лева Инвентарен номер Систематично азбучна сигнатура Баркод Цена в евро Служебен тип на артикула
  Не е изгубен Universal Decimal Classification Не е повреден само за читалня ползва се в читалня 858225 Регионална библиотека "Любен Каравелов" Русе Регионална библиотека "Любен Каравелов" Русе Хранилище 2021-10-21 Основен фонд - ползва се само за читалня 0.44 11671/57 Цб 7624 900000080317 0.22 Книги
  Не е изгубен Universal Decimal Classification Не е повреден само за читалня ползва се в читалня 862165 Регионална библиотека "Любен Каравелов" Русе Регионална библиотека "Любен Каравелов" Русе Хранилище 2021-11-16 Основен фонд - ползва се само за читалня 0.44 2480/59 Цб 13224 900000082451 0.22 Книги
Vip Innovations Ltd, Rousse, Bulgaria 2025